Nie každý dokazuje svoj príjem prevencia a dôsledky pri nesplácaní úveru

Úvery na bývanie bez dokladovania a s dokladovaním príjmu. Prevencia bánk a úverové registre. Ochrana pred neplatením a medziúveroví neplatiči. Skúsenosti bánk a stavebných sporiteľní.

Salvato in:
Dettagli Bibliografici
Autore principale: Škriniar, Pavel, 1979-
Natura: Capitolo di libro
Lingua:slovacco
Soggetti:
Tags: Aggiungi Tag
Nessun Tag, puoi essere il primo ad aggiungerne!!

MARC

LEADER 00000naa a2200000 4500
001 0150576
005 20240502072715.4
041 0 |a slo 
044 |a SK 
245 1 0 |a Nie každý dokazuje svoj príjem  |b prevencia a dôsledky pri nesplácaní úveru  |c Pavel Škriniar 
520 |a Úvery na bývanie bez dokladovania a s dokladovaním príjmu. Prevencia bánk a úverové registre. Ochrana pred neplatením a medziúveroví neplatiči. Skúsenosti bánk a stavebných sporiteľní. 
610 2 0 |a banky 
610 2 0 |a sporiteľne stavebné 
610 2 0 |a úver stavebný 
610 2 0 |a úver hypotekárny 
610 2 0 |a veritelia 
610 2 0 |a dlžníci 
610 2 0 |a splátky 
610 2 0 |a registre 
100 1 |a Škriniar, Pavel, 1979-